Value of Happiness in Multicultural Societies

Multikulturalizmus a jeho vplyv v európskych krajinách. Kultúra ako determinant šťastia.

Saved in:
Bibliographic Details
Main Author: Bláhová, Mária
Format: Book Chapter
Language:English
Subjects:
Tags: Add Tag
No Tags, Be the first to tag this record!

MARC

LEADER 00000naa$a2200000$$$4500
001 0239981
005 20240502073906.4
041 0 |a eng 
044 |a SK 
245 1 0 |a Value of Happiness in Multicultural Societies  |c Mária Bláhová 
520 |a Multikulturalizmus a jeho vplyv v európskych krajinách. Kultúra ako determinant šťastia. 
610 2 0 |a multikulturalizmus 
610 2 0 |a Európa 
610 2 0 |a dôsledky sociálne 
610 2 0 |a kultúra 
610 2 0 |a úroveň životná 
100 1 |a Bláhová, Mária